000 00331nam a2200145Ia 4500
100 _aFrados/Joel(editor )
942 _cRB
654 _aPlastics
245 _aPlastics engineering handbook
260 _bVan Nostrand Reinhold Co.
_aNew York
_c1976
082 _a668.4
_bSPI
300 _a909
546 _aENGLISH
999 _c29547
_d29547